Malibu - Choix multiples - Statistiques

Statistiques générales
  • Ce quiz a été pris 5 fois
  • Le résultat moyen est 6 sur 10
Statistiques - réponses
Question Réponse % Correct
Quelle série télévisée diffusée de 1989 à 2001 vante l'héroïsme des sauveteurs en mer sur la plage de Malibu (titre en version française) ? Alerte à Malibu
100%
Dans quel État des États-Unis se situe Malibu ? La Californie
75%
Quelle étendue d'eau salée borde Malibu ? L'océan Pacifique
75%
Dans quel comté se situe Malibu ? Los Angeles
75%
Reconnaissez-vous la maison Adamson de Malibu sur l'une des photographies suivantes, une maison de style espagnol construite en 1921 et ayant appartenu à la famille de May Rindge ?
50%
Quel constructeur automobile a lancé un modèle Malibu ? Chevrolet
50%
À quel ordre religieux catholique la puissante famille Rindge, pourtant méthodiste, vendit un imposant bâtiment à l'architecture traditionnelle en 1942 qu'ils ont renommé Serra Retreat ? Les Franciscains
50%
Quelle ville voisine donne son nom à la "zone de loisirs nationale" ("National Recreation Area") dans laquelle est située Malibu ? Santa Monica
50%
Quelle catastrophe a dévasté Malibu (entre autres), en décembre 2024 et janvier 2025 ? Un incendie
50%
Quel objet artisanal était produit par la fabrique de May Rindge à Malibu dans les années 1920, objet aujourd'hui très recherché ? Des tuiles en céramique
25%
Aucun quiz correspondant
Distribution des résultats
% des personnes avec chaque résultat
Percentile par nombre de réponses
Votre historique - résultats
Vous n’avez pas pris ce quiz